00913 2200337 4500001002100000005001500021035002000036007000300056008004100059020002200100082001200122084001800134245013800152250000600290260004400296300004300340111002300383520000600406600001300412856002000425990001300445990001300458990001300471990001300484990001300497990001300510990001300523990001300536990001300549990001300562INLIS00000000000155320260121091118 a0010-0126000005ta260121 0 ind  a978-602-376-281-1 a005.133 a005.133 TIM o1 aOSN ( Olimpiade Sains Nasional ) Komputer :bKumpulan Soal OSN Terlengkap, Terkini Dan Terupdate SMA Sederajat /cTim Pustaka Cerdas a- aYogyakarta :bPustaka Baru Press,c2025 avi, 298 hlm :bIlus ;c18.5 cm x 26 cm aTim Pustaka Cerdas a- 4aKOMPUTER aRuang Baca Umum a22882288 a22882288 a22882288 a22882288 a22882288 a22882288 a22882288 a22882288 a22882288 a22882288